Loading...
| Science - Other | 0 | 4 | 0 | 1 | 40 | 74 | 91.00 | 0 | 1 | 0.00 | 0.00 |
| Philosophy | 0 | 5 | 3 | 0 | 35 | 91 | 110.00 | 0 | 3 | 0.00 | 0.00 |
| Literature - British | 0 | 4 | 2 | 2 | 30 | 103 | 130.25 | 0 | 0 | 0.00 | 0.00 |
| Religion | 0 | 3 | 0 | 1 | 30 | 73 | 107.67 | 0 | 2 | 0.00 | 0.00 |
| Literature - American | 0 | 3 | 1 | 0 | 25 | 97 | 108.67 | 0 | 1 | 0.00 | 0.00 |
| Fine Arts - Painting and Sculpture | 0 | 3 | 1 | 0 | 25 | 78 | 104.67 | 0 | 1 | 0.00 | 0.00 |
| History - European | 0 | 2 | 0 | 0 | 20 | 42 | 76.00 | 0 | 1 | 0.00 | 0.00 |
| History - American | 0 | 2 | 0 | 2 | 20 | 121 | 127.50 | 0 | 1 | 0.00 | 0.00 |
| Literature - European | 0 | 3 | 2 | 0 | 20 | 81 | 113.00 | 0 | 1 | 0.00 | 0.00 |
| Science - Biology | 0 | 2 | 1 | 1 | 15 | 101 | 108.00 | 0 | 0 | 0.00 | 0.00 |
| Current Events | 0 | 1 | 0 | 0 | 10 | 95 | 95.00 | 0 | 1 | 0.00 | 0.00 |
| Fine Arts - Other | 0 | 1 | 0 | 0 | 10 | 79 | 79.00 | 0 | 0 | 0.00 | 0.00 |
| Mythology | 0 | 2 | 2 | 1 | 10 | 124 | 132.50 | 0 | 2 | 0.00 | 0.00 |
| Science - Physics | 0 | 1 | 0 | 0 | 10 | 94 | 94.00 | 0 | 1 | 0.00 | 0.00 |
| History - World | 0 | 1 | 1 | 1 | 5 | 139 | 139.00 | 0 | 0 | 0.00 | 0.00 |
| History - Other | 0 | 1 | 1 | 0 | 5 | 105 | 105.00 | 0 | 0 | 0.00 | 0.00 |
| Fine Arts - Classical Music | 0 | 1 | 1 | 0 | 5 | 130 | 130.00 | 0 | 0 | 0.00 | 0.00 |
| Science - Chemistry | 0 | 1 | 2 | 0 | 0 | 106 | 106.00 | 0 | 0 | 0.00 | 0.00 |
| Social Science | 0 | 0 | 2 | 0 | -10 | 0.00 | 0 | 0 | 0.00 | 0.00 | |
| Literature - World | 0 | 0 | 2 | 0 | -10 | 0.00 | 0 | 0 | 0.00 | 0.00 |